Történelmi tár. 1908

Bibliographic Details
Format: Book
Language:Undetermined
Published: Budapest Magyar történelmi társulat 1908

MARC

LEADER 00000nam a2200000 a 4500
001 vtls001356630
003 SK-MaSNL
005 20260223173427.0
008 180810s1908 xx 0 und
035 |a SNK000310115 
040 |a SNK  |b slo  |c SNK  |e AACR2 
041 0 |a und 
044 |a xx 
245 1 |a Történelmi tár. 1908 
260 |a Budapest  |b Magyar történelmi társulat  |c 1908 
958 |a ONDV 
999 |c 634571  |d 636501 
952 |t P60, <06>, [BOOK], {606}  |a SNK  |b SNK  |y PREZ  |7 0  |p 17A0184876  |o snkČC 8/1908  |0 0  |1 1  |4 0  |d 1999-03-03  |l 0  |r 2005-01-02 00:00:00  |w 2026-02-23